| 000 | 01804nam a22002297a 4500 | ||
|---|---|---|---|
| 003 | BJBSDDR | ||
| 005 | 20260226154754.0 | ||
| 007 | ta | ||
| 008 | 260226s2025 fr ||||| |||| 00| 0 fre d | ||
| 020 | _a9782415010461 | ||
| 020 | _a2415010464 | ||
| 040 |
_bspa _cBJBSDDR |
||
| 041 | _afre | ||
| 050 | _bL542 2025 | ||
| 100 | 1 |
_aLellouche, Pierre _947234 |
|
| 245 | 1 | 0 |
_aEngrenages la guerre d'Ukraine et le basculement du monde/ _cPierre Lellouche |
| 260 |
_aParis : _bOdile Jacob, _c2025 |
||
| 300 |
_a362 pages ; _c22 cm |
||
| 520 | _a Il est dans la nature du "brouillard de la guerre" de se nourrir en permanence des mensonges officiels des belligérants. Ce brouillard n'aura sans doute jamais été aussi épais que dans le cas de la guerre d'Ukraine et des conséquences qu'elle entraîne sur la stabilité de la planète. J'ai voulu dans ce livre tenter de percer ce brouillard. Et mes conclusions ne sont pas dans l'air du temps ; elles ne collent pas aux discours ressassés jour après jour dans l'un ou l'autre camp. Elles démontent en revanche l'engrenage funeste dans lequel nous sommes désormais coincés, un engrenage qui pourrait conduire à un embrasement général, perspective que, très naturellement, personne ne veut regarder en face. » P. L. Selon Pierre Lellouche, cette guerre illustre l'accélération d'une recomposition géopolitique globale confortant un bloc eurasiatique (Russie, Chine, Iran et Corée du Nord) déterminé à en finir avec la domination de l'Occident. Dans cet immense bouleversement, les valeurs et les modèles institutionnels de l'après-guerre (Otan, UE) sont mis à l'épreuve. L'Europe se trouve menacée par de nouveaux prédateurs, et la France, en perte de vitesse, doit repenser son destin. | ||
| 942 |
_2lcc _n0 _cBK |
||
| 946 | _icmc | ||
| 999 |
_c126473 _d126473 |
||